Statistiques concernant Provinces du Canada - Quiz

Cliquez ici pour prendre le quiz!

Statistiques générales

  • Ce quiz a été pris 25 544 fois
  • Le résultat moyen est 9 sur 13

Réponses sur la Carte

Les réponses sont colorées sur une échelle allant du rouge au vert en fonction du pourcentage des utilisateurs qui les ont devinées à leur premier essai. Vous pouvez retrouver ces pourcentages ci-dessous.
 

Statistiques - réponses

Province ou territoire% Correct
Québec
98%
Ontario
86%
Alberta
76%
Colombie-Britannique
72%
Terre-Neuve-et-Labrador
70%
Yukon
67%
Manitoba
64%
Nouvelle-Écosse
63%
Nunavut
63%
Saskatchewan
63%
Territoires du Nord-Ouest
62%
Île-du-Prince-Édouard
61%
Nouveau-Brunswick
59%

Distribution des résultats

Percentile par nombre de réponses

% des personnes avec chaque résultat

Votre développement - résultats

Vous n’avez pas pris ce quiz